MARC details
| 000 -BAŞLIK |
| Sabit Uzunlukta Kontrol Alanı |
01359na a2200385 4500 |
| 001 - KONTROL NUMARASI |
| Denetim Alanı |
20721 |
| 003 - KONTROL NUMARASI IDENTIFIER |
| Denetim Alanı |
MIRAKIL |
| 005 - SON İŞLEM TARİHİ VE ZAMANI |
| Denetim Alanı |
20181213155004.0 |
| 008 - SABİT-BOY VERİ ELEMANLARI - GENEL BİLGİLER |
| Sabit Uzunlukta Kontrol Alanı |
170205b tu 000 0 |
| 035 ## - SİSTEM KONTROL NUMARASI |
| Sistem Kontrol Numarası |
20721 |
| 040 ## - KATALOGLAMA KAYNAK |
| Orijinal Kataloglama Ajansı |
Milas |
| Kataloglama Dili |
tur |
| Metne Dönüştürmek Ajansı |
TR-AnCHP |
| 041 ## - DİL KODU |
| Metin / Ses Parça Veya Ayrı Başlığın Dil Kodu |
tur |
| 082 ## - DEWEY ONLU SINIFLANDIRMA NUMARASI |
| Sınıflandırma Numarası |
CHP 338.9566 |
| Ürün Numarası |
C36d [2015] |
| 090 ## - SINIFLAMA NUMARASI |
| Sınıflama Numarası |
BROŞÜR 190 |
| 110 ## - ANA GİRİŞ - KURUMSAL ADI |
| Giriş Elemanı Olarak Kurumsal Ad Veya Yargı Alanı Adı |
Cumhuriyet Halk Partisi (CHP) |
| 222 ## - ANAHTAR ADI |
| Anahtar Başlık |
CHP'nin kürt sorununa bakışı, çözüm çerçevesi |
| 245 ## - BAŞLIK TABLOSU |
| Başlık |
22 soru 22 cevap |
| Başlığın Kalan |
CHP'nin Türkiye'nin kürt sorununa bakışı, çözüm çerçevesi |
| Sorumluluk Tablosu, Vb |
CHP |
| 246 ## - UNVAN FORM VARYING |
| Başlık Doğru / Kısa Başlığı |
CHP'nin Türkiye'nin kürt sorununa bakışı, çözüm çerçevesi |
| 260 ## - YAYIN, DAĞITIM, VB |
| Yayın, Dağıtım, Vb Yeri |
Ankara |
| Yayıncı, Dağıtıcı, Vs Adı |
CHP |
| Yayın, Dağıtım, Vb Tarihi |
[2015] |
| 300 ## - FİZİKSEL TANIM |
| Kapsam |
21 s. |
| Boyutlar |
20 sm. |
| 440 ## - SERİSİ TABLOSU / KATMA GİRİŞİ - BAŞLIK |
| Başlık |
Cumhuriyet Halk Partisi yayınları |
| Bir İşin Parçası / Bölümün İsmi |
Broşürler |
| 610 ## - KONU KATMA GİRİŞ - TOPLANTI ADI |
| Giriş Elemanı Olarak Kurumsal Ad Veya Yargı Alanı Adı |
CHP |
| Genel Alt Bölüm |
Barış süreci |
| Kronolojik Alt Bölüm |
Çözüm önerileri |
| 610 ## - KONU KATMA GİRİŞ - TOPLANTI ADI |
| Giriş Elemanı Olarak Kurumsal Ad Veya Yargı Alanı Adı |
CHP |
| Genel Alt Bölüm |
Kürt sorunu |
| Kronolojik Alt Bölüm |
Yasa önerileri |
| 610 ## - KONU KATMA GİRİŞ - TOPLANTI ADI |
| Giriş Elemanı Olarak Kurumsal Ad Veya Yargı Alanı Adı |
CHP |
| Genel Alt Bölüm |
Doğu ve Güneydoğu sorunu |
| Kronolojik Alt Bölüm |
Çözüm önerileri |
| 610 ## - KONU KATMA GİRİŞ - TOPLANTI ADI |
| Giriş Elemanı Olarak Kurumsal Ad Veya Yargı Alanı Adı |
CHP |
| Genel Alt Bölüm |
Kürt sorunu |
| Kronolojik Alt Bölüm |
Çözüm önerileri |
| 610 ## - KONU KATMA GİRİŞ - TOPLANTI ADI |
| Giriş Elemanı Olarak Kurumsal Ad Veya Yargı Alanı Adı |
CHP |
| Genel Alt Bölüm |
Barış süreci |
| 650 ## - KONU KATMA GİRİŞ - TOPİKAL DÖNEM |
| Topikal Süreli Veya Coğrafi Ad Giriş Elemanı |
Çözüm süreci |
| 740 ## - KATMA GİRİŞ - KONTROLSUZ İLGİLİ / ANALİTİK BAŞLIK |
| Kontrol Edilmeyen / İlgili Analitik Başlıktaki |
CHP'nin Türkiye'nin kürt sorununa bakışı, çözüm çerçevesi |
| 830 ## - SERİSİ EKLENDİ GİRİŞ - ÜNİFORM ADI |
| Üniforma Başlık |
CHP broşürleri |
| 942 ## - EKLENDİ GİRİŞ ELEMANLARI (KOHA) |
| Sınıflandırma Veya Raf Düzeni Kaynak |
|
| Koha Öğesi Türü |
Books |
| 999 ## - SİSTEM KONTROL NUMARALARI (KOHA) |
| Koha Biblionumber |
4407 |
| Koha Biblioitemnumber |
4407 |
| 657 ## - INDEX SÜRE - İŞLEVİ |
| -- |
CHP doğu ve güneydoğu politikaları |
| 657 ## - INDEX SÜRE - İŞLEVİ |
| -- |
Kürt meselesi |
| 657 ## - INDEX SÜRE - İŞLEVİ |
| -- |
CHP çözüm modeli |